000
00312nam a22001337a 4500
008
150609b xxu||||| |||| 00| 0 eng d
020
_a
9780071604659
041
0
_a
eng
080
_a
681.3
100
1
_a
27
101
_a
IM
245
1
0
_a
Digital analysis of remotely sensed imagery /
_c
Jay Gao.
942
_2
udc
_c
BK
999
_c
1024
_d
1024